| 000 | 00538nam a22002057a 4500 | ||
|---|---|---|---|
| 999 |
_c6528 _d6528 |
||
| 003 | BD-JhCC | ||
| 005 | 20180124191208.0 | ||
| 008 | 180124b xxu||||| |||| 00| 0 eng d | ||
| 035 | _a(BD-JhCC) | ||
| 040 |
_aBD-JhCC _dBD-JhCC |
||
| 041 | _aeng | ||
| 082 |
_a891.7342 _bSHO 1974 |
||
| 100 | _aMikhail, Sholokhov | ||
| 245 |
_aAnd Quiet Flows the Don / _cSholokhov Mikhail |
||
| 260 |
_aMosco : _bProgress Publishers, _c1974. |
||
| 300 |
_a398 p. : _c22 cm. |
||
| 650 | _aWorld War ( 1914 - 1918) | ||
| 942 |
_2ddc _cBK |
||